000 00340nam a2200133Ia 4500
008 220216s9999 xx 000 0 und d
100 _aGeorge C M
245 0 _a100 years of Indian rubber plantation industry
260 _bRubber Asia
_c2003
300 _a109-112
650 _aIndia
650 _aRubber plantation industry
942 _cJS
999 _c53232
_d53232